LEADER 01585naa a2200457 i 4500
001 publ38854
005 20260127094311.0
008 260127s2008 hu o 000 eng d
020 |a 9783540792178; 9783642098093 
024 7 |a 10.1007/7081_2008_120  |2 doi 
024 7 |a 1140757  |2 mtmt 
040 |a SZTE Publicatio Repozitórium  |b hun 
041 |a eng 
100 1 |a Molnár József 
245 1 0 |a Multidrug Resistance Reversal on Cancer Cells by Selected Carotenoids, Flavonoids and Anthocyanins  |h [elektronikus dokumentum] /  |c  Molnár József 
260 |a Springer Netherlands  |b Berlin, Heidelberg  |c 2008 
300 |a 27 
300 |a 133-159 
490 0 |a Topics in Heterocyclic Chemistry 
490 0 |a Bioactive Heterocycles VI 
650 4 |a Általános orvostudomány 
700 0 1 |a Engi Helga  |e aut 
700 0 1 |a Gyémánt Nóra  |e aut 
700 0 1 |a Schelz Zsuzsanna  |e aut 
700 0 1 |a Spengler Gabriella  |e aut 
700 0 1 |a Ocsovszki Imre  |e aut 
700 0 1 |a Szücs Miklós  |e aut 
700 0 1 |a Hohmann Judit  |e aut 
700 0 1 |a Szabó Margaret  |e aut 
700 0 1 |a Tanács Lajos  |e aut 
700 0 1 |a Molnár Péter  |e aut 
700 0 1 |a Deli József  |e aut 
700 0 1 |a Krenn Liselotte  |e aut 
700 0 1 |a Kawase Masami  |e aut 
700 0 1 |a Wakabayashi Hidetsugu  |e aut 
700 0 1 |a Kurihara Teruo  |e aut 
700 0 1 |a Shirataki Yoshiaki  |e aut 
700 0 1 |a Sakagami Hiroshi  |e aut 
700 0 1 |a Motohashi Noboru  |e aut 
700 0 1 |a Didiziapetris Remigijus  |e aut 
856 4 0 |u http://publicatio.bibl.u-szeged.hu/38854/1/2008TopHeterocyclChemMolnarCarotenoids.pdf  |z Dokumentum-elérés